书目信息 |
| 题名: |
世界文化史纲
|
|
| 作者: | 苏振兴 著 | |
| 分册: | ||
| 出版信息: | 天津 天津人民出版社 2001 |
|
| 页数: | 344页 | |
| 开本: | 20cm | |
| 丛书名: | ||
| 单 册: | ||
| 中图分类: | K103 | |
| 科图分类: | ||
| 主题词: | 世界史:通史 | |
| 电子资源: | ||
| ISBN: | 7-201-03794-3 | |
| 000 | 00534nam0 2200193 450 | |
| 001 | 0657313484 | |
| 005 | 20061016155822.57 | |
| 010 | @a7-201-03794-3@dCNY20.00 | |
| 100 | @a20061016d2001 km y0chiy0120 ea | |
| 101 | 0 | @achi |
| 102 | @aCN@b120000 | |
| 200 | 1 | @a世界文化史纲@Ashi jie wen hua shi gang@f苏振兴著@Fsu zhen xing zhu |
| 210 | @a天津@c天津人民出版社@d2001 | |
| 215 | @a344页@d20cm | |
| 606 | 0 | @a世界史:通史 |
| 690 | @aK103@v3 | |
| 701 | 0 | @a苏振兴@Asu zhen xing@4著 |
| 801 | 0 | @aCN@bPFT@c20061016 |
| 905 | @a10447@dK103@e127 | |
| 世界文化史纲/苏振兴著.-天津:天津人民出版社,2001 |
| 344页;20cm |
| ISBN 7-201-03794-3:CNY20.00 |
| ● |
| 相关链接 |
|
|
|
|
正题名:世界文化史纲
索取号:K103/127
 
预约/预借
| 序号 | 登录号 | 条形码 | 馆藏地/架位号 | 状态 | 备注 |
| 1 | 0502543 | 205025435 | 密集书库/ [索取号:K103/127] | 在馆 |